Tectonics / (Record no. 1887)
[ view plain ]
| 000 -LEADER | |
|---|---|
| fixed length control field | 01137pam a2200289 a 4500 |
| 001 - CONTROL NUMBER | |
| control field | 1142479 |
| 003 - CONTROL NUMBER IDENTIFIER | |
| control field | OSt |
| 005 - DATE AND TIME OF LATEST TRANSACTION | |
| control field | 20150526183500.0 |
| 008 - FIXED-LENGTH DATA ELEMENTS--GENERAL INFORMATION | |
| fixed length control field | 950419s1995 nyuab b 001 0 eng |
| 010 ## - LIBRARY OF CONGRESS CONTROL NUMBER | |
| LC control number | 95010975 |
| 020 ## - INTERNATIONAL STANDARD BOOK NUMBER | |
| International Standard Book Number | 0716724375 |
| 040 ## - CATALOGING SOURCE | |
| Original cataloging agency | DLC |
| Transcribing agency | DLC |
| Modifying agency | DLC |
| 050 00 - LIBRARY OF CONGRESS CALL NUMBER | |
| Classification number | QE601 |
| Item number | .M65 1995 |
| 082 00 - DEWEY DECIMAL CLASSIFICATION NUMBER | |
| Classification number | 551.8 MOO 1995 |
| Edition number | 20 |
| 100 1# - MAIN ENTRY--PERSONAL NAME | |
| Personal name | Moores, Eldridge M., |
| Dates associated with a name | 1938- |
| 9 (RLIN) | 4958 |
| 245 10 - TITLE STATEMENT | |
| Title | Tectonics / |
| Statement of responsibility, etc. | Eldridge M. Moores, Robert J. Twiss. |
| 260 ## - PUBLICATION, DISTRIBUTION, ETC. (IMPRINT) | |
| Place of publication, distribution, etc. | New York : |
| Name of publisher, distributor, etc. | W.H. Freeman & Co., |
| Date of publication, distribution, etc. | c1995. |
| 300 ## - PHYSICAL DESCRIPTION | |
| Extent | xi, 415 p. : |
| Other physical details | ill., maps ; |
| Dimensions | 29 cm. |
| 504 ## - BIBLIOGRAPHY, ETC. NOTE | |
| Bibliography, etc | Includes bibliographical references (p. 392-402) and index. |
| 650 #0 - SUBJECT ADDED ENTRY--TOPICAL TERM | |
| Topical term or geographic name as entry element | Geology, Structural. |
| 9 (RLIN) | 4959 |
| 700 1# - ADDED ENTRY--PERSONAL NAME | |
| Personal name | Twiss, Robert J. |
| 9 (RLIN) | 4960 |
| 856 42 - ELECTRONIC LOCATION AND ACCESS | |
| Materials specified | Publisher description |
| Uniform Resource Identifier | <a href="http://www.loc.gov/catdir/enhancements/fy1003/95010975-d.html">http://www.loc.gov/catdir/enhancements/fy1003/95010975-d.html</a> |
| 856 41 - ELECTRONIC LOCATION AND ACCESS | |
| Materials specified | Table of contents only |
| Uniform Resource Identifier | <a href="http://www.loc.gov/catdir/enhancements/fy1003/95010975-t.html">http://www.loc.gov/catdir/enhancements/fy1003/95010975-t.html</a> |
| 906 ## - LOCAL DATA ELEMENT F, LDF (RLIN) | |
| a | 7 |
| b | cbc |
| c | orignew |
| d | 1 |
| e | ocip |
| f | 19 |
| g | y-gencatlg |
| 942 ## - ADDED ENTRY ELEMENTS (KOHA) | |
| Source of classification or shelving scheme | Other/Generic Classification Scheme |
| Koha item type | Short Loan |
| Withdrawn status | Lost status | Source of classification or shelving scheme | Damaged status | Not for loan | Home library | Current library | Date acquired | Source of acquisition | Inventory number | Total Checkouts | Full call number | Barcode | Date last seen | Price effective from | Koha item type |
|---|---|---|---|---|---|---|---|---|---|---|---|---|---|---|---|
| Other/Generic Classification Scheme | MUST Main Library | MUST Main Library | 26/05/2015 | Purchase | 2003/19610 | 551.8 MOO 1995 | 2015-1611 | 26/05/2015 | 26/05/2015 | Short Loan | |||||
| Other/Generic Classification Scheme | MUST Main Library | MUST Main Library | 26/05/2015 | Purchase | 2003/19611 | 551.8 MOO 1995 | 2015-1612 | 26/05/2015 | 26/05/2015 | Short Loan | |||||
| Other/Generic Classification Scheme | MUST Main Library | MUST Main Library | 26/05/2015 | Purchase | 2003/19609 | 551.8 MOO 1995 | 2015-1613 | 26/05/2015 | 26/05/2015 | Short Loan |
